[Event "Saint Affrique op 22nd"]
[Site "Saint Affrique"]
[Date "2014.07.21"]
[Round "4"]
[White "Coquelle, Arnaud"]
[Black "Guerin, Tristan"]
[Result "1-0"]
[WhiteElo "1760"]
[BlackElo "1417"]
[PlyCount "117"]
[EventDate "2014.07.19"]
[EventType "swiss"]
[EventRounds "9"]
[EventCountry "FRA"]
[SourceTitle "CBM 161 Extra"]
[Source "ChessBase"]
[SourceDate "2014.08.29"]
[SourceVersion "1"]
[SourceVersionDate "2014.08.29"]
[SourceQuality "1"]

1. b4 d5 2. Bb2 Bf5 3. e3 e6 4. c4 Nf6 5. a3 Be7 6. Nf3 Nbd7 7. d3 0-0 8. Nbd2 Bg6 9. Qb3 c6 10. g3 h6 11. Bg2 Qb6 12. 0-0 Rfd8 13. Rfe1 c5 14. b5 Qc7 15. Nh4 dxc4 16. Nxc4 Bh7 17. Rac1 Ng4 18. Nf3 Nb6 19. d4 Nxc4 20. Qxc4 Rac8 21. dxc5 Nf6 22. c6 bxc6 23. Qxc6 Qb8 24. Qa6 Bd3 25. a4 Be4 26. Ne5 Bxg2 27. Kxg2 Qa8+ 28. Kg1 Bb4 29. Red1 Rxd1+ 30. Rxd1 Rc2 31. Nc6 Nd5 32. Bd4 Bc5 33. Bxc5 Rxc5 34. Qxa7 Qxa7 35. Nxa7 Rc7 36. Nc6 Nc3 37. Rd8+ Kh7 38. Ra8 Rb7 39. Kf1 Kg6 40. Ke1 Nd5 41. Ra7 Rb6 42. Ne5+ Kf5 43. Nc4 Rb8 44. Rxf7+ Kg6 45. Ne5+ Kh7 46. Nc6 Rb6 47. Ra7 Nc3 48. Kd2 Nd5 49. e4 Nf6 50. Kd3 e5 51. Nxe5 Rd6+ 52. Ke3 Re6 53. f4 Ne8 54. a5 Nd6 55. b6 Nc8 56. b7 Nxa7 57. b8Q Ra6 58. f5 Rxa5 59. Nf7 1-0

[Event "Saint Affrique op 22nd"]
[Site "Saint Affrique"]
[Date "2014.07.20"]
[Round "2"]
[White "Julian, Stephane"]
[Black "Guerin, Tristan"]
[Result "1-0"]
[WhiteElo "2050"]
[BlackElo "1417"]
[PlyCount "64"]
[EventDate "2014.07.19"]
[EventType "swiss"]
[EventRounds "9"]
[EventCountry "FRA"]
[SourceTitle "CBM 161 Extra"]
[Source "ChessBase"]
[SourceDate "2014.08.29"]
[SourceVersion "1"]
[SourceVersionDate "2014.08.29"]
[SourceQuality "1"]

1. e4 c5 2. Nf3 d6 3. d4 cxd4 4. Nxd4 Nf6 5. Nc3 g6 6. Be2 Bg7 7. 0-0 0-0 8. Be3 Nc6 9. Kh1 Bd7 10. f4 e5 11. Ndb5 a6 12. Nxd6 Ne8 13. Nxb7 Qc7 14. Nc5 Nf6 15. Nxd7 Nxd7 16. Nd5 Qd8 17. c3 Re8 18. f5 a5 19. fxg6 hxg6 20. Bg4 Nf8 21. Bb6 Qg5 22. Qf3 Rec8 23. Qxf7+ Kh8 24. Qf3 Re8 25. Nc7 Rab8 26. Nxe8 Rxe8 27. Rad1 Rb8 28. Be3 Qe7 29. b3 Qa3 30. Qh3+ Kg8 31. Be6+ Nxe6 32. Qxe6+ Kh8 1-0

[Event "FRA-chT U20"]
[Site "Villepinte"]
[Date "2013.12.07"]
[Round "?"]
[White "Sansone, Adam"]
[Black "Guerin, Tristan"]
[Result "1-0"]
[WhiteElo "1294"]
[BlackElo "1198"]
[PlyCount "71"]
[EventDate "2013.07.12"]
[EventType "team-match"]
[EventRounds "5"]
[EventCountry "FRA"]
[SourceTitle "EXT 2015"]
[Source "ChessBase"]
[SourceDate "2014.11.20"]
[SourceVersion "1"]
[SourceVersionDate "2014.11.20"]
[SourceQuality "1"]

1. e4 e5 2. Nf3 Nc6 3. d4 exd4 4. Nxd4 Qf6 5. Be3 Bc5 6. c3 Nge7 7. Bc4 Ne5 8. Be2 0-0 9. 0-0 b6 10. Nd2 Bb7 11. f4 N5c6 12. e5 Qh4 13. Nc4 Nd5 14. Qd3 Rfe8 15. b4 Nxd4 16. bxc5 Nxe2+ 17. Qxe2 Nxc3 18. Qd2 Qg4 19. Rfe1 Ne4 20. Qb2 Nc3 21. Rac1 Nd5 22. Rc2 Nxf4 23. Bxf4 Qxf4 24. a4 f6 25. Rf1 Qe4 26. exf6 Rf8 27. cxb6 d5 28. Nd2 Qe3+ 29. Kh1 cxb6 30. h3 Qg3 31. Rf3 Qg5 32. Rc7 Rab8 33. Rxg7+ Qxg7 34. fxg7 Rfe8 35. Qf6 d4 36. Qf7# 1-0

[Event "FRA-chT U20 GpB 1213"]
[Site "France"]
[Date "2013.01.06"]
[Round "7"]
[White "Hadji, Rasla"]
[Black "Guerin, Tristan"]
[Result "0-1"]
[WhiteElo "1240"]
[BlackElo "1280"]
[PlyCount "70"]
[EventDate "2012.12.01"]
[EventType "team"]
[EventRounds "7"]
[EventCountry "FRA"]
[SourceTitle "EXT 2014"]
[Source "ChessBase"]
[SourceDate "2013.11.20"]
[SourceVersion "1"]
[SourceVersionDate "2013.11.20"]
[SourceQuality "1"]
[WhiteTeam "Clichy (U20)"]
[BlackTeam "Creteil (U20)"]
[WhiteTeamCountry "FRA"]
[BlackTeamCountry "FRA"]

1. e4 e5 2. Nf3 Nc6 3. d4 exd4 4. Nxd4 Bc5 5. Be3 Qf6 6. c3 Nge7 7. Bb5 0-0 8. 0-0 b6 9. Nxc6 Nxc6 10. Bxc5 bxc5 11. Bd3 d6 12. Nd2 Rb8 13. Nb3 Ne5 14. Be2 c4 15. Nd2 Rxb2 16. Bxc4 Qf4 17. Be2 Rxd2 18. Qc1 Ng6 19. Bf3 Be6 20. c4 Rd4 21. Qxf4 Nxf4 22. Rac1 Rxc4 23. Rxc4 Bxc4 24. Ra1 Rb8 25. g3 Nd3 26. Kg2 Rb2 27. Kh3 Rxf2 28. Kg4 Ne5+ 29. Kh3 Be6+ 30. Kh4 Rxf3 31. Rb1 h6 32. Rb8+ Kh7 33. Kh5 Rf2 34. h3 Rh2 35. Kh4 Rxh3# 0-1

[Event "FRA-chT U20 GpB 1213"]
[Site "France"]
[Date "2013.01.05"]
[Round "5"]
[White "Guerin, Tristan"]
[Black "Chateau, Daphne"]
[Result "1-0"]
[WhiteElo "1280"]
[BlackElo "1510"]
[PlyCount "43"]
[EventDate "2012.12.01"]
[EventType "team"]
[EventRounds "7"]
[EventCountry "FRA"]
[SourceTitle "EXT 2014"]
[Source "ChessBase"]
[SourceDate "2013.11.20"]
[SourceVersion "1"]
[SourceVersionDate "2013.11.20"]
[SourceQuality "1"]
[WhiteTeam "Creteil (U20)"]
[BlackTeam "Lutece (U20)"]
[WhiteTeamCountry "FRA"]
[BlackTeamCountry "FRA"]

1. e4 e5 2. Nf3 Nc6 3. d4 d5 4. Bb5 Nf6 5. Nc3 Bb4 6. a3 Ba5 7. Nxe5 dxe4 8. Nxc6 bxc6 9. Bxc6+ Bd7 10. Bxa8 Qxa8 11. b4 Bb6 12. 0-0 0-0 13. Bf4 Qc6 14. Qd2 Nh5 15. Bg3 Bc8 16. Rfe1 Re8 17. a4 a6 18. b5 axb5 19. axb5 Qb7 20. f3 e3 21. Rxe3 c5 22. Rxe8# 1-0

[Event "FRA-chT U20 GpB 1213"]
[Site "France"]
[Date "2013.01.05"]
[Round "6"]
[White "Guerin, Tristan"]
[Black "Grimaldi, Antonin"]
[Result "1/2-1/2"]
[WhiteElo "1280"]
[BlackElo "1266"]
[PlyCount "62"]
[EventDate "2012.12.01"]
[EventType "team"]
[EventRounds "7"]
[EventCountry "FRA"]
[SourceTitle "EXT 2014"]
[Source "ChessBase"]
[SourceDate "2013.11.20"]
[SourceVersion "1"]
[SourceVersionDate "2013.11.20"]
[SourceQuality "1"]
[WhiteTeam "Creteil (U20)"]
[BlackTeam "Villepinte (U20)"]
[WhiteTeamCountry "FRA"]
[BlackTeamCountry "FRA"]

1. e4 e5 2. Nf3 Nc6 3. d4 exd4 4. Nxd4 Bc5 5. Be3 Qf6 6. c3 Bb6 7. Bc4 d6 8. 0-0 Nge7 9. Re1 0-0 10. a4 a6 11. Qd2 h6 12. Nxc6 Nxc6 13. Bxb6 cxb6 14. Qe3 Ne5 15. Bb3 Nd7 16. Nd2 Nc5 17. Bd5 Bd7 18. a5 bxa5 19. Rxa5 Be6 20. b4 Bxd5 21. bxc5 Bc6 22. cxd6 Qxd6 23. Nc4 Qc7 24. Rf5 Rfe8 25. Qc5 Qd7 26. h3 Rxe4 27. Rxe4 Bxe4 28. Re5 Qd1+ 29. Kh2 Qd3 30. Re7 Bc6 31. Nd6 Qf1 1/2-1/2

[Event "FRA-chT U20 GpB 1213"]
[Site "France"]
[Date "2013.01.05"]
[Round "6"]
[White "Sansone, Adam"]
[Black "Guerin, Tristan"]
[Result "1/2-1/2"]
[WhiteElo "1380"]
[BlackElo "1280"]
[PlyCount "115"]
[EventDate "2012.12.01"]
[EventType "team"]
[EventRounds "7"]
[EventCountry "FRA"]
[SourceTitle "EXT 2014"]
[Source "ChessBase"]
[SourceDate "2013.11.20"]
[SourceVersion "1"]
[SourceVersionDate "2013.11.20"]
[SourceQuality "1"]
[WhiteTeam "Villepinte (U20)"]
[BlackTeam "Creteil (U20)"]
[WhiteTeamCountry "FRA"]
[BlackTeamCountry "FRA"]

1. e4 e5 2. Nf3 Nc6 3. Nc3 Nf6 4. Bb5 Bc5 5. Nxe5 Nxe5 6. d4 Bd6 7. dxe5 Bxe5 8. Qd3 0-0 9. Bg5 d6 10. f4 Bxc3+ 11. Qxc3 c6 12. Bd3 Re8 13. Bxf6 Qxf6 14. Qxf6 gxf6 15. 0-0-0 Bg4 16. Rd2 Be6 17. h3 a5 18. a4 Bd7 19. g4 b5 20. b3 Reb8 21. e5 fxe5 22. fxe5 dxe5 23. Bxh7+ Kxh7 24. Rxd7 Kg7 25. Re1 Re8 26. Rd6 Rac8 27. axb5 cxb5 28. Rd5 a4 29. Rxb5 axb3 30. Rxb3 f6 31. Rbe3 Kg6 32. h4 Rc4 33. Re4 Rc3 34. R1e3 Rc7 35. g5 Rh7 36. gxf6 Kxf6 37. Kd2 Rd7+ 38. Rd3 Rc7 39. c4 Kf5 40. Rde3 Rc5 41. Kc3 Rb8 42. Re1 Ra5 43. R1e2 Ra3+ 44. Kd2 Ra2+ 45. Ke1 Rxe2+ 46. Rxe2 Kf4 47. Kf1 Rb4 48. Rc2 Kg4 49. c5 Kxh4 50. c6 Rb8 51. c7 Rc8 52. Ke2 Kg4 53. Rc3 Kf4 54. Rc4+ Kf5 55. Ke3 Ke6 56. Ke4 Kd6 57. Rc1 Rxc7 58. Rxc7 1/2-1/2

[Event "FRA-chT U20 GpB 1213"]
[Site "France"]
[Date "2013.01.04"]
[Round "4"]
[White "Labesse, Pierre"]
[Black "Guerin, Tristan"]
[Result "0-1"]
[WhiteElo "1270"]
[BlackElo "1280"]
[PlyCount "76"]
[EventDate "2012.12.01"]
[EventType "team"]
[EventRounds "7"]
[EventCountry "FRA"]
[SourceTitle "EXT 2014"]
[Source "ChessBase"]
[SourceDate "2013.11.20"]
[SourceVersion "1"]
[SourceVersionDate "2013.11.20"]
[SourceQuality "1"]
[WhiteTeam "Saint Mande U20"]
[BlackTeam "Creteil (U20)"]
[WhiteTeamCountry "FRA"]
[BlackTeamCountry "FRA"]

1. e4 e5 2. Nf3 Nc6 3. Bc4 Nf6 4. Nc3 Nxe4 5. d3 Nxc3 6. bxc3 Bc5 7. 0-0 d5 8. Bb3 0-0 9. Re1 Re8 10. c4 d4 11. Bd2 a5 12. Ba4 Bd7 13. c3 dxc3 14. Bxc3 f6 15. Rb1 b6 16. Qc2 Bb4 17. Bxc6 Bxc6 18. Bxb4 axb4 19. Rxb4 Qd6 20. Qb3 Rxa2 21. c5+ Qd5 22. cxb6 Qxb3 23. Rxb3 cxb6 24. Rxb6 Bxf3 25. gxf3 Rd8 26. Rb7 Rxd3 27. f4 Rd5 28. Re3 h6 29. Rb8+ Kh7 30. f5 Rd4 31. Rc3 Rf4 32. Rcc8 Rxf5 33. Rh8+ Kg6 34. Rbg8 Rfxf2 35. h4 e4 36. h5+ Kf5 37. Rxg7 e3 38. Rxh6 Ra1# 0-1

[Event "FRA-chT U20 GpB 1213"]
[Site "France"]
[Date "2012.12.02"]
[Round "2.8"]
[White "Dedenon, Quentin"]
[Black "Guerin, Tristan"]
[Result "1-0"]
[WhiteElo "1400"]
[BlackElo "1280"]
[PlyCount "51"]
[EventDate "2012.12.01"]
[EventType "team"]
[EventRounds "7"]
[EventCountry "FRA"]
[SourceTitle "EXT 2014"]
[Source "ChessBase"]
[SourceDate "2013.11.20"]
[SourceVersion "1"]
[SourceVersionDate "2013.11.20"]
[SourceQuality "1"]
[WhiteTeam "Tours (U20)"]
[BlackTeam "Creteil (U20)"]
[WhiteTeamCountry "FRA"]
[BlackTeamCountry "FRA"]

1. d4 d5 2. c4 e6 3. Nc3 Nf6 4. Nf3 Nc6 5. cxd5 exd5 6. Bf4 Bd6 7. Bxd6 Qxd6 8. e3 0-0 9. Bd3 Re8 10. 0-0 Bg4 11. h3 Bh5 12. Be2 Bg6 13. Qb3 b6 14. Rac1 Qb4 15. Bb5 Qxb3 16. axb3 Re6 17. Nxd5 Nxd5 18. Bxc6 Ne7 19. Bxa8 Bd3 20. Rfd1 Be4 21. Bxe4 Rxe4 22. Rxc7 h6 23. Nd2 Re6 24. Rxa7 Nc6 25. Ra8+ Kh7 26. d5 1-0